Napoléon Bourassa: l' homme et l' artiste
Guardado en:
| Autor principal: | |
|---|---|
| Formato: | Libro |
| Lenguaje: | Undetermined |
| Publicado: |
Ottawa, Canadá
Éditions de L' Universitá d' Ottawa
1974
|
| Materias: | |
| Etiquetas: |
Agregar Etiqueta
Sin Etiquetas, Sea el primero en etiquetar este registro!
|
MARC
| LEADER | 00000nam a2200000Ia 4500 | ||
|---|---|---|---|
| 008 | 170316s9999 xx 000 0 und d | ||
| 040 | |a cru BVZT | ||
| 090 | |a 818 L-11n | ||
| 100 | |a Moine, Roger Le | ||
| 245 | |a Napoléon Bourassa: l' homme et l' artiste | ||
| 260 | |a Ottawa, Canadá | ||
| 260 | |b Éditions de L' Universitá d' Ottawa | ||
| 260 | |c 1974 | ||
| 300 | |a 253 páginas | ||
| 650 | |a LITERATURA CANADIENSE | ||
| 999 | |c 6501 |d 6501 | ||
| 942 | |c 15 D |h 818 L-11n |2 z | ||
